[Event "Olimpiada Calviá 2004"]
[Site "Calviá ESP"]
[Date "2004.10.29"]
[Round "14.47"]
[White "Zhidkov, Valery S"]
[Black "Domingos, Catarino"]
[Result "1-0"]
[WhiteElo "2394"]
[BlackElo "2227"]
[PlyCount "125"]
[EventDate "2004.10.15"]
[EventType "team"]
[EventRounds "14"]
[EventCountry "ESP"]
[Source "lmi"]
[SourceDate "2004.10.27"]

1. d4 Nf6 2. Nf3 e6 3. c4 b6 4. g3 Ba6 5. Nbd2 Be7 6. Bg2 O-O 7. O-O Bb7 8. Qc2
c5 9. e4 cxd4 10. Nxd4 Nc6 11. Nxc6 Bxc6 12. e5 Ne8 13. Bxc6 dxc6 14. Qe4 Qc7
15. Nf3 g6 16. Bf4 Ng7 17. g4 Rfd8 18. Rad1 Rd7 19. Rd4 Bc5 20. Rxd7 Qxd7 21.
Bg5 Rc8 22. Qe2 Be7 23. Rd1 Qc7 24. Qd2 Ne8 25. Bxe7 Qxe7 26. Qg5 Qxg5 27. Nxg5
f6 28. Nxe6 fxe5 29. Rd8 Rxd8 30. Nxd8 c5 31. Nc6 Kf7 32. Nxe5+ Ke6 33. Nd3 Nd6
34. b3 Ne4 35. Kf1 Nc3 36. a4 Ne4 37. Ke2 Nd6 38. Ke3 Nb7 39. f4 Na5 40. Nc1
Nc6 41. Ke4 Na5 42. Kd3 h5 43. h3 hxg4 44. hxg4 Nc6 45. Ke4 Na5 46. f5+ gxf5+
47. gxf5+ Kf6 48. Kf4 Nc6 49. Ne2 Na5 50. Nc3 Nxb3 51. Ne4+ Ke7 52. Ke5 Nd4 53.
f6+ Kd7 54. Ng5 Nc6+ 55. Kf5 Nd8 56. Kg6 a6 57. f7 Ke7 58. Kg7 Nxf7 59. Nxf7 b5
60. axb5 axb5 61. cxb5 c4 62. b6 c3 63. b7 1-0

[Event "Olimpiada Calviá 2004"]
[Site "Calviá ESP"]
[Date "2004.10.29"]
[Round "14.47"]
[White "Sousa, Armindo"]
[Black "Talla, Vladimir"]
[Result "0-1"]
[WhiteElo "2216"]
[BlackElo "2385"]
[PlyCount "56"]
[EventDate "2004.10.15"]
[EventType "team"]
[EventRounds "14"]
[EventCountry "ESP"]
[Source "lmi"]
[SourceDate "2004.10.27"]

1. e4 e5 2. Nf3 Nc6 3. d3 g6 4. g3 Bg7 5. Bg2 Nge7 6. O-O O-O 7. Nh4 d5 8. Nd2
f5 9. c3 dxe4 10. dxe4 f4 11. Nhf3 h6 12. Nb3 Qe8 13. gxf4 exf4 14. Nbd4 g5 15.
Nxc6 Nxc6 16. Nd4 Ne5 17. f3 c5 18. Nb3 b6 19. Qe2 Be6 20. Nd2 Rd8 21. b3 Rd3
22. Rb1 Qh5 23. Nc4 Bxc4 24. bxc4 Rfd8 25. Rb2 Nxc4 26. Rc2 Be5 27. Re1 Ne3 28.
Rd2 c4 0-1

[Event "Olimpiada Calviá 2004"]
[Site "Calviá ESP"]
[Date "2004.10.29"]
[Round "14.48"]
[White "Santa Torres, Luis A"]
[Black "Salem, Ali Maoloud"]
[Result "1-0"]
[WhiteElo "2196"]
[BlackElo "2228"]
[PlyCount "61"]
[EventDate "2004.10.15"]
[EventType "team"]
[EventRounds "14"]
[EventCountry "ESP"]
[Source "lmi"]
[SourceDate "2004.10.27"]

1. d4 f5 2. Bg5 Nf6 3. Bxf6 exf6 4. e3 d5 5. Bd3 Be6 6. Qf3 g6 7. Nc3 Nc6 8.
Nge2 Qd7 9. Nf4 Bb4 10. Nxe6 Qxe6 11. O-O Bxc3 12. bxc3 Nd8 13. Rab1 O-O 14.
Qe2 Kg7 15. c4 dxc4 16. Bxc4 Qd6 17. Qf3 c6 18. Rfd1 Rb8 19. e4 fxe4 20. Qxe4
b6 21. Re1 Rb7 22. Re3 Rd7 23. c3 Nf7 24. Rbe1 c5 25. Qh4 g5 26. Qh5 h6 27. Bd3
Nh8 28. Bf5 Rc7 29. Rh3 Re7 30. Qxh6+ Kf7 31. Qh5+ 1-0

[Event "Olimpiada Calviá 2004"]
[Site "Calviá ESP"]
[Date "2004.10.29"]
[Round "14.49"]
[White "Kawuma, Steven Male"]
[Black "Bibby, Simon"]
[Result "0-1"]
[WhiteElo "2141"]
[BlackElo "2229"]
[PlyCount "134"]
[EventDate "2004.10.15"]
[EventType "team"]
[EventRounds "14"]
[EventCountry "ESP"]
[Source "lmi"]
[SourceDate "2004.10.27"]

1. e4 e6 2. d4 d5 3. e5 c5 4. c3 Nc6 5. Nf3 Qb6 6. Bd3 cxd4 7. cxd4 Bd7 8. O-O
Nxd4 9. Nxd4 Qxd4 10. Nc3 a6 11. Re1 Ne7 12. Qf3 Ng6 13. Bxg6 hxg6 14. Bf4 Be7
15. Bg3 Rc8 16. Kh1 b5 17. Rad1 Qb4 18. Re2 Bc6 19. Qf4 Qxf4 20. Bxf4 b4 21.
Nb1 Bb5 22. Red2 Kd7 23. Be3 g5 24. g3 g4 25. Kg2 Rh5 26. Bf4 Rch8 27. h4 gxh3+
28. Kh2 Rc8 29. g4 Rhh8 30. a3 a5 31. Be3 Rc6 32. f3 f6 33. Bd4 fxe5 34. Bxe5
Bd6 35. f4 Ba4 36. Rf1 Rc4 37. Rdf2 Bxe5 38. fxe5 Rxg4 39. Nd2 Rg2+ 40. Rxg2
hxg2+ 41. Kxg2 bxa3 42. bxa3 Rh5 43. Nf3 Bc2 44. Kg3 Rf5 45. Rc1 Be4 46. Nd4
Rxe5 47. Nc6 Rf5 48. Nxa5 Rf3+ 49. Kg4 Rxa3 50. Nb7 Bf5+ 51. Kf4 Ra4+ 52. Kf3
Rc4 53. Rg1 g6 54. Ra1 Rc7 55. Na5 e5 56. Ke3 d4+ 57. Kd2 Ra7 58. Ke2 Ke6 59.
Kd2 Kd5 60. Ke2 g5 61. Kd2 Bg6 62. Ke2 Bh5+ 63. Kd2 Bf3 64. Rf1 Rxa5 65. Rxf3
Ra2+ 66. Kc1 Rg2 67. Rf1 g4 0-1

[Event "Olimpiada Calviá 2004"]
[Site "Calviá ESP"]
[Date "2004.10.29"]
[Round "14.50"]
[White "Singh, Ravishen"]
[Black "Hamdouchi, Hichem"]
[Result "0-1"]
[WhiteElo "2093"]
[BlackElo "2575"]
[PlyCount "84"]
[EventDate "2004.10.15"]
[EventType "team"]
[EventRounds "14"]
[EventCountry "ESP"]
[Source "lmi"]
[SourceDate "2004.10.27"]

1. e4 c5 2. Nf3 Nc6 3. d4 cxd4 4. Nxd4 Qb6 5. Nb3 Nf6 6. Nc3 e6 7. Be3 Qc7 8.
f4 d6 9. Qf3 a6 10. O-O-O b5 11. Bd3 Bb7 12. Kb1 Nb4 13. Nd4 Nd7 14. Qf2 Be7
15. g4 Rc8 16. Rc1 Nc5 17. Rhd1 O-O 18. g5 Qa5 19. Nb3 Nbxd3 20. cxd3 Qd8 21.
h4 Qd7 22. f5 b4 23. Nxc5 dxc5 24. Ne2 Bd6 25. f6 g6 26. h5 Rfd8 27. hxg6 fxg6
28. Rf1 Rf8 29. Ka1 Rf7 30. Bxc5 Bxc5 31. Rxc5 Rxc5 32. Qxc5 Qxd3 33. Re1 Rd7
34. e5 Qxe2 35. Qg1 Qxe1+ 36. Qxe1 Bf3 37. Kb1 Rd1+ 38. Qxd1 Bxd1 39. Kc1 Bh5
40. Kd2 h6 41. gxh6 g5 42. Ke3 Kh7 0-1

[Event "Olimpiada Calviá 2004"]
[Site "Calviá ESP"]
[Date "2004.10.29"]
[Round "14.50"]
[White "Karim, Ismael"]
[Black "Yee, Frank"]
[Result "1-0"]
[WhiteElo "2228"]
[BlackElo "2101"]
[PlyCount "117"]
[EventDate "2004.10.15"]
[EventType "team"]
[EventRounds "14"]
[EventCountry "ESP"]
[Source "lmi"]
[SourceDate "2004.10.27"]

1. Nf3 Nf6 2. g3 d5 3. Bg2 c5 4. O-O Nc6 5. d3 e5 6. Na3 h6 7. e4 dxe4 8. dxe4
Be6 9. Qe2 Be7 10. c3 a6 11. Nc4 Qc7 12. Nh4 b5 13. Ne3 O-O 14. Nd5 Qd6 15. Rd1
Qb8 16. Be3 Nd7 17. Nf5 Bg5 18. Bxg5 Bxf5 19. Ne7+ Nxe7 20. Bxe7 Be6 21. Bxf8
Nxf8 22. Bf3 Qc8 23. Qd2 Ng6 24. Qd6 Bg4 25. Qd3 c4 26. Qe2 Bh3 27. Rd6 Qc7 28.
Rad1 Be6 29. Bg4 Nf8 30. Bf3 Qe7 31. Qd2 Qf6 32. Bg2 g5 33. Rd8 Rxd8 34. Qxd8
Qg7 35. Qa8 Kh7 36. Qxa6 h5 37. Qxb5 h4 38. Qc5 Ng6 39. Qe3 Qf6 40. a4 h3 41.
Bf3 g4 42. Be2 Nf4 43. Bf1 Ng2 44. Bxg2 hxg2 45. a5 Bc8 46. Qc5 Qf3 47. Re1 Bb7
48. Qxe5 Bc8 49. Qf4 Kg6 50. Qxf3 gxf3 51. Re3 Bb7 52. Rxf3 Bxe4 53. Rf4 Bd5
54. a6 f5 55. a7 Kf6 56. Rxc4 Ke6 57. Rc8 f4 58. a8=Q Bxa8 59. Rxa8 1-0

[Event "Olimpiada Calviá 2004"]
[Site "Calviá ESP"]
[Date "2004.10.29"]
[Round "14.51"]
[White "Russell, M K A."]
[Black "Phillips, Roy"]
[Result "1/2-1/2"]
[WhiteElo "2221"]
[BlackElo "2229"]
[PlyCount "65"]
[EventDate "2004.10.15"]
[EventType "team"]
[EventRounds "14"]
[EventCountry "ESP"]
[Source "lmi"]
[SourceDate "2004.10.27"]

1. e4 e6 2. d4 d5 3. Nc3 Bb4 4. e5 Ne7 5. a3 Bxc3+ 6. bxc3 b6 7. a4 Ba6 8. Bb5+
Bxb5 9. axb5 c6 10. Qd3 Qd7 11. bxc6 Nbxc6 12. Ne2 Na5 13. O-O Qc6 14. Ba3 Nc4
15. Bxe7 Kxe7 16. Qg3 Kf8 17. Qg5 Qd7 18. Ng3 h6 19. Qg4 Qe7 20. f4 Ne3 21. Qf3
Nxf1 22. Rxf1 g6 23. c4 Rd8 24. cxd5 Rxd5 25. f5 gxf5 26. Nxf5 Qd7 27. Nd6 f5
28. Qf4 b5 29. c3 Qg7 30. Nxf5 exf5 31. Qxf5+ Ke7 32. Qe4 Rhd8 33. e6 1/2-1/2

[Event "Olimpiada Calviá 2004"]
[Site "Calviá ESP"]
[Date "2004.10.29"]
[Round "14.51"]
[White "Dissanayake, P R."]
[Black "Chinasamy, Devarajen"]
[Result "1/2-1/2"]
[WhiteElo "2112"]
[BlackElo "2200"]
[PlyCount "85"]
[EventDate "2004.10.15"]
[EventType "team"]
[EventRounds "14"]
[EventCountry "ESP"]
[Source "lmi"]
[SourceDate "2004.10.27"]

1. e4 c6 2. d4 d5 3. exd5 cxd5 4. c4 Nf6 5. Nc3 e6 6. Nf3 Bb4 7. Qb3 Nc6 8. Bd3
Ne4 9. O-O dxc4 10. Bxc4 Nxc3 11. bxc3 Bd6 12. Bd3 O-O 13. Bb2 b6 14. Qc2 h6
15. Rad1 Bb7 16. Qe2 Ne7 17. Ne5 Qc7 18. h3 Nd5 19. Qd2 Rad8 20. f4 a6 21. a3
b5 22. Rc1 Qe7 23. f5 exf5 24. Rxf5 Nf6 25. Rcf1 Be4 26. Bxe4 Nxe4 27. Qf4 Nf6
28. Bc1 Rc8 29. Qf3 Kh7 30. Bxh6 Kxh6 31. Rxf6+ Kh7 32. Qh5+ Kg8 33. Rxf7 Rxf7
34. Rxf7 Qe6 35. Rf3 Rf8 36. Rxf8+ Bxf8 37. Qf3 Bxa3 38. Qa8+ Bf8 39. Qe4 a5
40. d5 Qh6 41. Kh1 a4 42. Nc6 Qd2 43. Qe6+ 1/2-1/2

[Event "Olimpiada Calviá 2004"]
[Site "Calviá ESP"]
[Date "2004.10.29"]
[Round "14.51"]
[White "Seegolam, Pradeep"]
[Black "Wijesurija, G  Laxman"]
[Result "0-1"]
[WhiteElo "2200"]
[BlackElo "2124"]
[PlyCount "102"]
[EventDate "2004.10.15"]
[EventType "team"]
[EventRounds "14"]
[EventCountry "ESP"]
[Source "lmi"]
[SourceDate "2004.10.27"]

1. e4 e6 2. d4 d5 3. Nd2 dxe4 4. Nxe4 Nd7 5. Nf3 Be7 6. Bd3 Ngf6 7. Nxf6+ Nxf6
8. O-O O-O 9. c3 b6 10. Qc2 Bb7 11. Ng5 h6 12. Ne4 Qd5 13. f3 Qh5 14. Bf4 Nd5
15. g4 Qh3 16. Bg3 Ne3 17. Qf2 Bxe4 18. Qxe3 Bxd3 19. Qxd3 c5 20. d5 c4 21.
Qxc4 exd5 22. Qd3 Rad8 23. Rae1 Bc5+ 24. Kh1 d4 25. c4 f5 26. gxf5 Rxf5 27. Re4
Qh5 28. Kg2 Rdf8 29. a3 a5 30. h4 Qg6 31. Re5 Bd6 32. h5 Qg5 33. f4 Qxh5 34.
Rxf5 Qxf5 35. Qxd4 Bc5 36. Qd5+ Kh7 37. Qxf5+ Rxf5 38. Rd1 Rf7 39. Rd5 Re7 40.
Re5 Rxe5 41. fxe5 Kg6 42. Be1 a4 43. Bc3 Kf5 44. e6 g5 45. Bg7 h5 46. Kf3 Kxe6
47. Ke4 h4 48. Bc3 Bd6 49. Bd4 h3 50. Kf3 g4+ 51. Kf2 Bc5 0-1

[Event "Olimpiada Calviá 2004"]
[Site "Calviá ESP"]
[Date "2004.10.29"]
[Round "14.52"]
[White "Papatryfonos, Constantinos"]
[Black "Ateka, Nathan"]
[Result "0-1"]
[WhiteElo "2123"]
[BlackElo "2138"]
[PlyCount "88"]
[EventDate "2004.10.15"]
[EventType "team"]
[EventRounds "14"]
[EventCountry "ESP"]
[Source "lmi"]
[SourceDate "2004.10.27"]

1. d4 Nf6 2. Nf3 g6 3. Bf4 Bg7 4. Nc3 O-O 5. Qd2 d6 6. Bh6 c5 7. Bxg7 Kxg7 8.
dxc5 dxc5 9. O-O-O Qxd2+ 10. Rxd2 Nc6 11. e3 b6 12. Bb5 Bb7 13. Rhd1 h6 14. e4
e6 15. Rd6 Na5 16. e5 Ne4 17. Nxe4 Bxe4 18. Rd7 a6 19. Be2 Nc6 20. Rc7 Rad8 21.
Rxd8 Rxd8 22. Bxa6 Bxf3 23. gxf3 Nxe5 24. Be2 g5 25. Rb7 Rd6 26. b3 Kf6 27. Kb2
Kf5 28. Kc3 Kf4 29. a4 f5 30. Rh7 Nxf3 31. Rxh6 Nd4 32. Bd3 Kf3 33. Kc4 f4 34.
a5 bxa5 35. c3 Nxb3 36. Bf5 Nd2+ 37. Kb5 Kxf2 38. c4 Nxc4 39. Bxe6 Nd2 40. Rg6
Nf3 41. Kxc5 Ra6 42. h3 a4 43. Kb5 Rxe6 44. Rxe6 Nd4+ 0-1

[Event "Olimpiada Calviá 2004"]
[Site "Calviá ESP"]
[Date "2004.10.29"]
[Round "14.52"]
[White "Mukabi, John"]
[Black "Kyriakidis, Thrasos"]
[Result "1/2-1/2"]
[WhiteElo "2105"]
[BlackElo "2157"]
[PlyCount "126"]
[EventDate "2004.10.15"]
[EventType "team"]
[EventRounds "14"]
[EventCountry "ESP"]
[Source "lmi"]
[SourceDate "2004.10.27"]

1. e4 e5 2. d4 exd4 3. Qxd4 Nc6 4. Qe3 Bb4+ 5. Bd2 Qe7 6. Nc3 Nf6 7. f3 d5 8.
Bb5 O-O 9. Nge2 dxe4 10. fxe4 Ne5 11. h3 c6 12. Bd3 Rd8 13. O-O-O Be6 14. Rhf1
b5 15. Kb1 Bc4 16. Nc1 a5 17. Qg3 Ne8 18. Rf5 Bd6 19. Qg5 f6 20. Qh4 Be6 21.
Rff1 a4 22. N3e2 b4 23. Nd4 c5 24. Nxe6 Qxe6 25. c3 c4 26. Be2 a3 27. cxb4 axb2
28. Kxb2 Qe7 29. Qe1 Qa7 30. Bc3 Rdb8 31. Qd2 Bxb4 32. Ka1 Qa3 33. Bxb4 Rxb4
34. Qc2 c3 35. Nb3 Rxb3 36. Rb1 Rb2 37. Rxb2 cxb2+ 38. Qxb2 Qxb2+ 39. Kxb2 Nd6
40. Bf3 Ndc4+ 41. Ka1 Kf7 42. Rc1 Ke6 43. Be2 Ra4 44. Rc3 Kd6 45. Bd1 Ra7 46.
Bb3 Kc5 47. Bc2 Kd4 48. Rb3 Ra3 49. Rxa3 Nxa3 50. Bd1 Kxe4 51. Kb2 Nac4+ 52.
Kc3 Ne3 53. Bb3 Nxg2 54. Bc2+ Kd5 55. Bxh7 Nf4 56. Bf5 g6 57. Bc8 f5 58. h4
Ne2+ 59. Kd2 Nd4 60. Ke3 Nef3 61. Bb7+ Kc5 62. Bxf3 Nxf3 63. Kxf3 Kb4 1/2-1/2

[Event "Olimpiada Calviá 2004"]
[Site "Calviá ESP"]
[Date "2004.10.29"]
[Round "14.54"]
[White "Cilia Vincenti, David"]
[Black "Moussa, Alaa-Eddine"]
[Result "0-1"]
[WhiteElo "2189"]
[BlackElo "2188"]
[PlyCount "108"]
[EventDate "2004.10.15"]
[EventType "team"]
[EventRounds "14"]
[EventCountry "ESP"]
[Source "lmi"]
[SourceDate "2004.10.27"]

1. d4 Nf6 2. c4 e6 3. Nc3 Bb4 4. Qc2 c5 5. dxc5 O-O 6. a3 Bxc5 7. Nf3 Be7 8. e4
d6 9. Be2 a6 10. O-O Nbd7 11. Bf4 Qc7 12. Rfd1 b6 13. Qd2 Ne5 14. Nxe5 dxe5 15.
Be3 Bb7 16. f3 Rad8 17. Qe1 Bc5 18. Qf2 Bxe3 19. Qxe3 Nd7 20. b4 Nb8 21. Na4
Nc6 22. Nxb6 Nd4 23. c5 Nc2 24. Qc3 Nxa1 25. Rxa1 Rd4 26. Nc4 f5 27. exf5 exf5
28. Qe3 f4 29. Qxe5 Qxe5 30. Nxe5 Re8 31. c6 Bc8 32. Bc4+ Kf8 33. Nd7+ Bxd7 34.
cxd7 Re3 35. Bxa6 Rxd7 36. Bf1 Rb3 37. b5 Ra7 38. a4 Ra5 39. Be2 Rb4 40. Bd3 g6
41. Be4 Rbxb5 42. axb5 Rxa1+ 43. Kf2 Ra2+ 44. Kf1 Rb2 45. Bc6 Ke7 46. h4 Kd6
47. Kg1 Kc5 48. Kh2 Kd4 49. Kh3 Ke3 50. g4 h6 51. g5 h5 52. Be4 Kf2 53. Bxg6
Kg1 54. Bxh5 Rg2 0-1

[Event "Olimpiada Calviá 2004"]
[Site "Calviá ESP"]
[Date "2004.10.29"]
[Round "14.54"]
[White "Kayle, Charles"]
[Black "Borg, Andrew"]
[Result "1/2-1/2"]
[WhiteElo "2036"]
[BlackElo "2125"]
[PlyCount "32"]
[EventDate "2004.10.15"]
[EventType "team"]
[EventRounds "14"]
[EventCountry "ESP"]
[Source "lmi"]
[SourceDate "2004.10.27"]

1. d4 d5 2. c4 c6 3. cxd5 cxd5 4. Nf3 Nf6 5. Nc3 Nc6 6. Bf4 a6 7. Rc1 Ne4 8. e3
Nxc3 9. bxc3 Bf5 10. Bd3 Bxd3 11. Qxd3 e6 12. O-O Bd6 13. Bg5 Be7 14. Bxe7 Qxe7
15. e4 dxe4 16. Qxe4 O-O 1/2-1/2

[Event "Olimpiada Calviá 2004"]
[Site "Calviá ESP"]
[Date "2004.10.29"]
[Round "14.55"]
[White "Mannhart, Marcel"]
[Black "Chau, Sau Ming"]
[Result "0-1"]
[WhiteElo "2191"]
[BlackElo "2230"]
[PlyCount "114"]
[EventDate "2004.10.15"]
[EventType "team"]
[EventRounds "14"]
[EventCountry "ESP"]
[Source "lmi"]
[SourceDate "2004.10.27"]

1. Nc3 e6 2. e4 d5 3. d3 c5 4. g3 d4 5. Nce2 Nc6 6. Bg2 Nf6 7. Nh3 Be7 8. O-O
e5 9. c4 Bd7 10. f3 h5 11. Nf2 Nh7 12. a3 a5 13. Bd2 Qc8 14. f4 h4 15. f5 hxg3
16. Nxg3 Bg5 17. Bxg5 Nxg5 18. Nh5 Kf8 19. Qg4 Qd8 20. h4 g6 21. Ng3 Rxh4 22.
Qxh4 Nf3+ 23. Bxf3 Qxh4 24. Kg2 Ke7 25. Bg4 gxf5 26. Bxf5 Rg8 27. Nfh1 Nd8 28.
Rf3 Bxf5 29. exf5 f6 30. Nf2 b6 31. Rh1 Qg5 32. Nfe4 Qg7 33. Rh5 Nf7 34. Rf1
Nd6 35. Rh3 Qg4 36. Nf2 Qg5 37. Nfh1 Nxf5 38. Kh2 Nxg3 39. Rxg3 Rh8+ 40. Kg2
Qh4 41. Rg1 Rh5 42. Kf1 Ke6 43. Nf2 Qf4 44. Ke2 Rf5 45. Ne4 Qh4 46. R1g2 Rf4
47. Nf2 Qh5+ 48. Kd2 Rf3 49. Rg8 Qh6+ 50. Kc2 Qe3 51. Nd1 Qxd3+ 52. Kc1 Rf1 53.
Rd2 Qxc4+ 54. Kb1 Qb3 55. Kc1 e4 56. Re8+ Kd5 57. Rd8+ Kc6 0-1

[Event "Olimpiada Calviá 2004"]
[Site "Calviá ESP"]
[Date "2004.10.29"]
[Round "14.55"]
[White "Chong, Chor Yuen"]
[Black "Guller, Andras"]
[Result "1-0"]
[WhiteElo "2146"]
[BlackElo "2110"]
[PlyCount "74"]
[EventDate "2004.10.15"]
[EventType "team"]
[EventRounds "14"]
[EventCountry "ESP"]
[Source "lmi"]
[SourceDate "2004.10.27"]

1. d4 Nf6 2. c4 e6 3. Nf3 c5 4. d5 exd5 5. cxd5 g6 6. Nc3 Bg7 7. e4 d6 8. h3
O-O 9. Bd3 Re8 10. O-O Nfd7 11. Bf4 Ne5 12. Nxe5 Bxe5 13. Bxe5 Rxe5 14. Qd2 a6
15. f4 Re8 16. a4 Nd7 17. Rae1 Qh4 18. Re3 b6 19. Qe2 Bb7 20. Kh2 f6 21. Nb1
Qh6 22. Nd2 Qg7 23. Nc4 Qe7 24. Re1 b5 25. Na3 c4 26. Bc2 Nc5 27. axb5 axb5 28.
Nxb5 Ba6 29. Nc3 Rab8 30. Bb1 Rb6 31. e5 fxe5 32. fxe5 dxe5 33. Ba2 Qd6 34.
Bxc4 Bxc4 35. Qxc4 Rxb2 36. Nb5 Qb6 37. d6+ Ne6 1-0

[Event "Olimpiada Calviá 2004"]
[Site "Calviá ESP"]
[Date "2004.10.29"]
[Round "14.58"]
[White "Tromp, Rigoberto"]
[Black "Lebel-Arias, Julia"]
[Result "0-1"]
[WhiteElo "2069"]
[BlackElo "1986"]
[PlyCount "100"]
[EventDate "2004.10.15"]
[EventType "team"]
[EventRounds "14"]
[EventCountry "ESP"]
[Source "lmi"]
[SourceDate "2004.10.27"]

1. e4 Nf6 2. e5 Nd5 3. c4 Nb6 4. d4 d6 5. f4 dxe5 6. fxe5 c5 7. d5 g6 8. b3 Bg7
9. Bb2 O-O 10. Nd2 e6 11. d6 Nc6 12. Ngf3 Nd7 13. Qe2 f6 14. exf6 Nxf6 15. Rd1
Qxd6 16. Ne4 Qe7 17. Nd6 Rd8 18. Nxc8 Rxd1+ 19. Qxd1 Rxc8 20. Bd3 e5 21. Be4
Nd4 22. Qd3 Rd8 23. O-O Nxb3 24. Qxb3 Nxe4 25. Qe3 Nf6 26. Qxe5 Qxe5 27. Bxe5
Ne8 28. Ba1 Rd7 29. Bxg7 Kxg7 30. Ng5 Re7 31. Nf3 Nd6 32. Rc1 Re4 33. Nd2 Re2
34. Rc2 Nxc4 35. Rxc4 Rxd2 36. Rxc5 Rd7 37. Rc2 Kf6 38. Re2 b5 39. Kf2 a6 40.
h3 h5 41. g3 g5 42. Ke1 Re7 43. Rxe7 Kxe7 44. Ke2 Ke6 45. Kd3 Kd5 46. h4 g4 47.
Ke3 Ke5 48. Kd3 a5 49. a3 Kd5 50. Ke3 b4 0-1

[Event "Olimpiada Calviá 2004"]
[Site "Calviá ESP"]
[Date "2004.10.29"]
[Round "14.64"]
[White "Krylov, Sergey"]
[Black "Maduro, Sherman"]
[Result "1-0"]
[WhiteElo "2407"]
[BlackElo "2116"]
[PlyCount "36"]
[EventDate "2004.10.15"]
[EventType "team"]
[EventRounds "14"]
[EventCountry "ESP"]
[Source "lmi"]
[SourceDate "2004.10.27"]

1. e4 c5 2. Nf3 a6 3. c3 d6 4. d4 cxd4 5. cxd4 Bg4 6. Nc3 e6 7. Be3 Be7 8. Qb3
b5 9. a4 Bxf3 10. gxf3 Qa5 11. Rc1 Nd7 12. axb5 Rb8 13. Bd2 axb5 14. Bxb5 Qb6
15. Qa4 Rb7 16. Bxd7+ Rxd7 17. Nb5 Bd8 18. Bb4 Ne7 1-0

[Event "Olimpiada Calviá 2004"]
[Site "Calviá ESP"]
[Date "2004.10.29"]
[Round "14.64"]
[White "Dekker, Marvin"]
[Black "Berlinsky, Vladimir"]
[Result "0-1"]
[WhiteElo "2133"]
[BlackElo "2347"]
[PlyCount "72"]
[EventDate "2004.10.15"]
[EventType "team"]
[EventRounds "14"]
[EventCountry "ESP"]
[Source "lmi"]
[SourceDate "2004.10.27"]

1. Nh3 d5 2. g3 c5 3. Bg2 Nc6 4. O-O e5 5. c4 d4 6. f4 Bg4 7. Nf2 Be6 8. d3
exf4 9. Bxf4 g5 10. Bd2 Rc8 11. a3 a6 12. Qa4 Bd7 13. Qb3 Rb8 14. Bd5 h6 15. e3
Be7 16. Ne4 f5 17. Qd1 g4 18. Nf2 Nf6 19. e4 Nxd5 20. exd5 Ne5 21. Bf4 Nf3+ 22.
Kg2 Bg5 23. Bxb8 Qxb8 24. h4 Bxh4 25. Nh1 Bg5 26. Rxf3 gxf3+ 27. Qxf3 O-O 28.
Nf2 b5 29. b3 Re8 30. Nd1 bxc4 31. dxc4 f4 32. g4 Qc8 33. Nd2 Bxg4 34. Qd3 Bxd1
35. Rxd1 Qg4+ 36. Kh2 Re2+ 0-1

[Event "Olimpiada Calviá 2004"]
[Site "Calviá ESP"]
[Date "2004.10.29"]
[Round "14.64"]
[White "Zoltek, Tadeusz"]
[Black "Mensing, Fabio"]
[Result "1/2-1/2"]
[WhiteElo "2313"]
[BlackElo "2122"]
[PlyCount "54"]
[EventDate "2004.10.15"]
[EventType "team"]
[EventRounds "14"]
[EventCountry "ESP"]
[Source "lmi"]
[SourceDate "2004.10.27"]

1. c4 Nf6 2. Nc3 e6 3. Nf3 d5 4. d4 Be7 5. Bg5 O-O 6. e3 b6 7. Rc1 Bb7 8. cxd5
Nxd5 9. Bxe7 Qxe7 10. Be2 Rc8 11. O-O Nd7 12. Qa4 a6 13. Rfd1 c5 14. Nxd5 Bxd5
15. Qa3 Qf6 16. dxc5 Nxc5 17. b4 Ne4 18. Rxc8+ Rxc8 19. Qxa6 Ra8 20. Qxb6 Nc3
21. Rd2 Nxe2+ 22. Rxe2 Bxf3 23. gxf3 Qg6+ 24. Kf1 Qb1+ 25. Kg2 Qg6+ 26. Kf1
Qb1+ 27. Kg2 Qg6+ 1/2-1/2

[Event "Olimpiada Calviá 2004 Femenina"]
[Site "Calviá ESP"]
[Date "2004.10.29"]
[Round "14.25"]
[White "Fierro Baquero, Martha L"]
[Black "Sabirova, Olga"]
[Result "0-1"]
[WhiteElo "2333"]
[BlackElo "2250"]
[PlyCount "23"]
[EventDate "2004.10.15"]
[EventType "team"]
[EventRounds "14"]
[EventCountry "ESP"]
[Source "lmi"]
[SourceDate "2004.10.27"]

1. e4 e5 2. Nf3 Nc6 3. Bb5 Nf6 4. d3 d6 5. c3 Be7 6. Nbd2 O-O 7. O-O Bd7 8. Re1
h6 9. Nf1 Nh7 10. Ng3 Ng5 11. Nf5 Bf6 12. Re3 0-1

[Event "Olimpiada Calviá 2004 Femenina"]
[Site "Calviá ESP"]
[Date "2004.10.29"]
[Round "14.25"]
[White "Rojas, Jessenia"]
[Black "Khamrakulova, Ulduz"]
[Result "0-1"]
[WhiteElo "2082"]
[BlackElo "2123"]
[PlyCount "69"]
[EventDate "2004.10.15"]
[EventType "team"]
[EventRounds "14"]
[EventCountry "ESP"]
[Source "lmi"]
[SourceDate "2004.10.27"]

1. d4 Nf6 2. c4 g6 3. Nc3 Bg7 4. e4 O-O 5. e5 Ne8 6. f4 d6 7. Nf3 dxe5 8. fxe5
Bg4 9. Be2 c5 10. h3 Bxf3 11. Bxf3 Nc6 12. Bxc6 bxc6 13. Be3 cxd4 14. Qxd4 Qb8
15. O-O Qxe5 16. Rad1 Nd6 17. c5 Nf5 18. Qxe5 Bxe5 19. Bf2 Rfd8 20. g4 Nd4 21.
Bh4 f6 22. Bf2 Rab8 23. Rb1 Nf3+ 24. Kg2 Nd2 25. Na4 Nxb1 26. Rxb1 Rd2 27. Kf1
Bd4 28. Bxd4 Rxd4 29. Nc3 Rc4 30. Nd1 Rxc5 31. b4 Rc4 32. a3 a5 33. Nb2 Rf4+
34. Ke2 axb4 35. axb4 0-1

[Event "Olimpiada Calviá 2004 Femenina"]
[Site "Calviá ESP"]
[Date "2004.10.29"]
[Round "14.36"]
[White "Connolly, Suzanne"]
[Black "Sabah Moslem, Raneen"]
[Result "1/2-1/2"]
[WhiteElo "2076"]
[BlackElo "1912"]
[PlyCount "57"]
[EventDate "2004.10.15"]
[EventType "team"]
[EventRounds "14"]
[EventCountry "ESP"]
[Source "lmi"]
[SourceDate "2004.10.27"]

1. e4 e5 2. Nf3 Nf6 3. Nxe5 d6 4. Nf3 Nxe4 5. Nc3 Nxc3 6. dxc3 Be7 7. Bf4 O-O
8. Qd2 Nd7 9. O-O-O Nf6 10. h3 Be6 11. Be2 Qd7 12. g4 Qa4 13. a3 Ne4 14. Qd4
Qxd4 15. Rxd4 f5 16. gxf5 Bxf5 17. Be3 Bg6 18. Rh2 Bf6 19. Rb4 b6 20. Nd2 d5
21. Nxe4 Bxe4 22. f3 Be5 23. Rf2 c5 24. Rb3 Bf4 25. Bxf4 Rxf4 26. c4 d4 27. Kd2
Bf5 28. Bd3 Bxd3 29. Rxd3 1/2-1/2